Majster Ömer a jeho Muhpuckel

Bibliographic Details
Main Author: Rox Orpo, Z.Z (Author)
Format: Book
Language:Slovak
PhysicalDescription:60 s. 21 cm
Published: Lexington [CreateSpace Independent Publishing Platform] 2015
ISBN:9781507667200
Subjects:

MARC

LEADER 00000nam a2200000 a 4500
001 vtls010695718
003 SK-MaSNL
005 20260301035533.0
008 240314s2015 xxu 000 j slo
015 |a SNBZSA2015 
020 |a 9781507667200  |q (brož.) 
035 |a 439CB19F-9F52-4614-AA12-158BF42747E6 
035 |a urn:nbn:sk:snk-aml0oa 
035 |a urn:nbn:sk:snk-am008nt4 
040 |a SNK  |b slo  |c SNK  |e AACR2 
041 0 |a slo 
044 |a xxu  |c US 
072 7 |a 821.111(73)  |x Americká literatúra  |2 konspekt 
080 |a 821.111(73)  |2 2001 
080 |a 821-32  |2 2001 
080 |a (0:82-32)  |2 2001 
100 1 |a Rox Orpo, Z.Z.  |4 aut  |9 338208 
245 1 0 |a Majster Ömer a jeho Muhpuckel  |c Z.Z. Rox Orpo 
260 |a Lexington  |b [CreateSpace Independent Publishing Platform]  |c 2015 
300 |a 60 s.  |c 21 cm 
650 0 7 |a americká literatúra  |2 SNKPH  |9 1170 
650 0 7 |a American literature  |2 SNKPHeng  |9 338200 
655 7 |a poviedky  |2 SNKPH  |9 70519 
655 7 |a Short stories  |2 SNKPHeng  |9 295230 
919 |a 978-1-5076-6720-0 
958 |a LX 
958 |a ZS 
999 |c 584245  |d 586175 
952 |a SNK  |b SNK  |y PREZ  |7 0  |p 17A1171670  |o snkSC 166314  |i snk2015/27009  |8 2  |g 4.96  |0 0  |1 0  |4 0  |d 2015-07-28  |f 1  |l 0  |r 2015-12-31 00:00:00  |w 2026-02-23